000 00845cab a2200181 4500
001 ##L134674
008 060824n2006 000 0 eng u
035 _a(Sirsi) u134674
041 0 _aeng
100 1 _aPickard, Martin
245 0 0 _aGambling with risk
260 _c2006
490 0 _aPremises and Facilities Management
_vAugust 2006, 13-14(2)
520 _aThis article, the fifth in the F word series, discusses the role that facilities managers can play in assisting their organisations to manage risk. Sets out the key stages in the risk management process, and goes on to examine different types of risk, including strategic, operational, compliance, knowledge and financial. Includes examples. (See also L133291, L133619, L133934 and L134334).
590 _aIKA240806
690 _aMANAGEMENT-FACILITIES MANAGEMENT
942 _n0
999 _c77618
_d77618